[Event "BCF-chT4S 1920 (4NCL)"]
[Site "England"]
[Date "2019.11.10"]
[Round "2.205"]
[White "Fielding, Michael"]
[Black "Martin, Nick"]
[Result "0-1"]
[WhiteElo "1793"]
[BlackElo "1780"]
[PlyCount "76"]
[EventDate "2019.11.09"]
[EventType "team-swiss"]
[EventRounds "11"]
[EventCountry "ENG"]
[SourceTitle "EXT 2022"]
[Source "ChessBase"]
[SourceDate "2021.10.06"]
[SourceVersion "1"]
[SourceVersionDate "2021.10.06"]
[SourceQuality "1"]
[WhiteTeam "War and Piece"]
[BlackTeam "Banbury Bulldogs"]
[WhiteTeamCountry "ENG"]
[BlackTeamCountry "ENG"]

1. e4 e6 2. d4 d5 3. exd5 exd5 4. Bd3 c5 5. c3 Nc6 6. Be3 cxd4 7. cxd4 Nf6 8. Nc3 Bd6 9. Nge2 0-0 10. Qb3 Re8 11. h3 a6 12. Rc1 Na5 13. Qc2 h6 14. 0-0 b5 15. a3 Bb7 16. b4 Nc4 17. Bxc4 dxc4 18. a4 Qd7 19. axb5 axb5 20. Rb1 Qc6 21. d5 Nxd5 22. Nd4 Nxe3 23. fxe3 Qb6 24. Qf2 Rf8 25. Ncxb5 Be4 26. Rb2 Be5 27. Rc1 Bd3 28. Qf3 Ra6 29. Qd5 Qf6 30. Qf3 Qd8 31. Qb7 Rb6 32. Qa7 Rxb5 33. Nc6 Qc7 34. Qxc7 Bxc7 35. Nd4 Rb6 36. b5 Be5 37. Rb4 Bxd4 38. exd4 Rfb8 0-1

[Event "NATO-ch 30th"]
[Site "Berlin"]
[Date "2019.09.16"]
[Round "1.31"]
[White "Fielding, Michael"]
[Black "Sauer, Marko"]
[Result "1-0"]
[WhiteElo "1760"]
[BlackElo "2081"]
[PlyCount "141"]
[EventDate "2019.09.14"]
[EventType "team-swiss"]
[EventRounds "7"]
[EventCountry "GER"]
[SourceTitle "EXT 2020"]
[Source "ChessBase"]
[SourceDate "2019.10.17"]
[SourceVersion "1"]
[SourceVersionDate "2019.10.17"]
[SourceQuality "1"]
[WhiteTeam "Great Britain"]
[BlackTeam "Germany"]
[WhiteTeamCountry "GBR"]
[BlackTeamCountry "GER"]

1. e4 c5 2. b3 Nc6 3. Bb2 d6 4. f4 e5 5. Nf3 exf4 6. Bc4 Be6 7. Qe2 Qd7 8. Nc3 Bxc4 9. Qxc4 Ne5 10. Qe2 Ne7 11. 0-0-0 0-0-0 12. d4 cxd4 13. Rxd4 N7c6 14. Ra4 Be7 15. Nd5 f5 16. Rxa7 Qe6 17. Rxb7 Rd7 18. Rxd7 Kxd7 19. Nxe5+ dxe5 20. Rd1 Bd6 21. Nb6+ Ke7 22. Nc4 Bc7 23. Ba3+ Kf7 24. exf5 Qxf5 25. Nd6+ Bxd6 26. Qc4+ Qe6 27. Qxe6+ Kxe6 28. Rxd6+ Kf5 29. Rxc6 e4 30. Kd2 g5 31. Rc5+ Kg4 32. Ke2 Ra8 33. Bb2 Rxa2 34. Bf6 h6 35. Bg7 Ra6 36. b4 Rd6 37. b5 f3+ 38. gxf3+ exf3+ 39. Ke1 Re6+ 40. Re5 Rg6 41. Re7 Kh3 42. Be5 Kg2 43. Bg3 h5 44. Bf2 g4 45. b6 h4 46. b7 g3 47. hxg3 hxg3 48. Bxg3 Rxg3 49. b8Q f2+ 50. Kd2 f1Q 51. Re2+ Kh3 52. Qh8+ Kg4 53. Qg7+ Kh4 54. Qh6+ Kg4 55. Re4+ Kf5 56. Qf8+ Kxe4 57. Qxf1 Rg5 58. Qd3+ Kf4 59. Qd4+ Kf5 60. c4 Ke6 61. Kc3 Rf5 62. Kb4 Rf7 63. Qd5+ Ke7 64. c5 Rf1 65. Qd6+ Ke8 66. c6 Rb1+ 67. Ka5 Rc1 68. c7 Ra1+ 69. Kb4 Rb1+ 70. Ka3 Ra1+ 71. Kb2 1-0

[Event "Lisbon Portugal op"]
[Site "Lisbon"]
[Date "2019.02.03"]
[Round "2"]
[White "Fielding, Michael"]
[Black "Pacan Milej, Kosma"]
[Result "0-1"]
[WhiteElo "1791"]
[BlackElo "2273"]
[PlyCount "168"]
[EventDate "2019.02.02"]
[EventType "swiss"]
[EventRounds "9"]
[EventCountry "POR"]
[SourceTitle "CBM 188 Extra"]
[Source "ChessBase"]
[SourceDate "2019.02.26"]
[SourceVersion "1"]
[SourceVersionDate "2019.02.26"]
[SourceQuality "1"]

1. d4 Nf6 2. c4 c5 3. d5 b5 4. cxb5 a6 5. bxa6 g6 6. Nc3 Bg7 7. e4 0-0 8. e5 Ne8 9. Nf3 d6 10. Bf4 Nd7 11. exd6 Nxd6 12. Be2 Qb6 13. Qb3 Bxa6 14. Qxb6 Nxb6 15. Be5 Bxe2 16. Kxe2 Na4 17. Bxg7 Kxg7 18. Nxa4 Rxa4 19. Rhc1 c4 20. b3 cxb3 21. axb3 Rb4 22. Nd2 Rb5 23. Nc4 Nf5 24. Ra7 Rxd5 25. Ne3 Re5 26. Rd7 Rb8 27. Rb1 Nxe3 28. fxe3 Rb4 29. Rd3 Rh5 30. h3 Rg5 31. Kf3 Rf5+ 32. Ke2 Rfb5 33. Kd2 Rg5 34. Kc3 Rbb5 35. Rb2 Rbc5+ 36. Kb4 Rc1 37. Rdd2 Re5 38. Re2 Kf6 39. Rbd2 Re4+ 40. Rd4 Ke5 41. Rc4 Rb1 42. Kc3 f5 43. Rc7 Kd6 44. Ra7 Kc5 45. Rc7+ Kb6 46. Rd7 Rc1+ 47. Kb2 Rc5 48. Rd4 Rce5 49. Rxe4 Rxe4 50. Kc3 Kb5 51. Kd3 Kb4 52. Rf2 Kxb3 53. g4 e6 54. gxf5 exf5 55. Rf4 Re5 56. Kd4 Re7 57. Kd3 Rd7+ 58. Ke2 Kc3 59. Ra4 Re7 60. Ra3+ Kc4 61. Ra4+ Kd5 62. Ra6 Ke4 63. Ra4+ Ke5 64. Kf3 Kf6 65. Ra6+ Kg5 66. Ra4 Rb7 67. Rc4 Rb1 68. Kg2 Rd1 69. Kf3 Kh5 70. Ra4 Rd6 71. Rb4 Re6 72. Rd4 g5 73. Ra4 Kg6 74. Rd4 h5 75. Kf2 h4 76. Ra4 Rb6 77. Rc4 Rb2+ 78. Kg1 Re2 79. Rc3 Kf6 80. Rc6+ Ke5 81. Rg6 Rxe3 82. Rxg5 Rg3+ 83. Rxg3 hxg3 84. Kg2 f4 0-1

[Event "London Classic U2050 op 10th"]
[Site "London"]
[Date "2018.12.16"]
[Round "5"]
[White "Kreckovic, Milos"]
[Black "Fielding, Michael"]
[Result "1-0"]
[WhiteElo "2189"]
[BlackElo "1751"]
[PlyCount "83"]
[EventDate "2018.12.14"]
[EventType "swiss"]
[EventRounds "5"]
[EventCountry "ENG"]
[SourceTitle "CBM 187 Extra"]
[Source "ChessBase"]
[SourceDate "2018.11.04"]
[SourceVersion "1"]
[SourceVersionDate "2018.11.04"]
[SourceQuality "1"]

1. d4 g6 2. e4 Bg7 3. Nc3 d6 4. f4 Nf6 5. Nf3 0-0 6. e5 Nfd7 7. h4 c5 8. e6 Nf6 9. exf7+ Rxf7 10. dxc5 d5 11. Ne5 Rf8 12. Be2 Nc6 13. Bf3 Be6 14. 0-0 Qa5 15. Be3 Rad8 16. Nxc6 bxc6 17. Bd4 Bf7 18. a3 Nd7 19. Bxg7 Kxg7 20. Qd4+ e5 21. fxe5 Qxc5 22. Qxc5 Nxc5 23. Rfe1 Be6 24. Ne2 Bd7 25. Rad1 Ne6 26. Bg4 h5 27. Bh3 Kf7 28. Bxe6+ Bxe6 29. Nd4 Rc8 30. Rf1+ Ke7 31. Rxf8 Rxf8 32. Nxc6+ Kd7 33. Nb4 Rf4 34. Nxd5 Bxd5 35. Rxd5+ Ke6 36. Ra5 Rxh4 37. Rxa7 Kxe5 38. Ra5+ Kf6 39. b4 Rc4 40. Rc5 Re4 41. b5 Ra4 42. Rc3 1-0

[Event "IRL-ch Weekender op"]
[Site "Dublin"]
[Date "2018.08.11"]
[Round "2.13"]
[White "Fielding, Michael"]
[Black "Murphy, Cathal J"]
[Result "1-0"]
[WhiteElo "1734"]
[BlackElo "1661"]
[PlyCount "129"]
[EventDate "2018.08.10"]
[EventType "swiss"]
[EventRounds "5"]
[EventCountry "IRL"]
[SourceTitle "EXT 2023"]
[Source "ChessBase"]
[SourceDate "2022.10.05"]
[SourceVersion "1"]
[SourceVersionDate "2022.10.05"]
[SourceQuality "1"]

1. d4 f5 2. c4 d5 3. cxd5 Qxd5 4. Nc3 Qd8 5. Nf3 Nf6 6. Qb3 e6 7. Bg5 Be7 8. e3 Nd5 9. Bxe7 Qxe7 10. Bc4 c6 11. 0-0 0-0 12. Rfe1 Nd7 13. e4 fxe4 14. Nxe4 N7b6 15. Bd3 Rxf3 16. gxf3 Nf4 17. Ng3 Nbd5 18. Bc4 Qh4 19. Bf1 Nh3+ 20. Bxh3 Qxh3 21. Re4 Nf6 22. Re5 b5 23. Qd3 Bb7 24. Rae1 Re8 25. b4 g6 26. Qf1 Qh4 27. Ne4 Nh5 28. Rg5 Rf8 29. Rg4 Qe7 30. Nc5 Rxf3 31. Rxe6 Qf7 32. Qe2 Qf5 33. Re8+ Kg7 34. Qe5+ Qxe5 35. Rxe5 Bc8 36. Rg3 Nxg3 37. hxg3 Kf7 38. Ne4 Kf8 39. Rc5 Bf5 40. Nd6 Bd7 41. d5 cxd5 42. Rxd5 Rc3 43. Rc5 Rd3 44. Nxb5 Rd1+ 45. Kg2 Bxb5 46. Rxb5 Rd7 47. a4 Ke7 48. Rc5 Kd6 49. Rc1 Ke5 50. Rb1 a6 51. b5 axb5 52. axb5 Rb7 53. b6 Kd6 54. Kf3 Ke6 55. Kg4 Kf6 56. Kf4 h6 57. Ke4 Ke6 58. f4 h5 59. Kd4 Kd6 60. Rb2 Ke6 61. Ke4 Kf6 62. Kd5 Ke7 63. Kc6 Rb8 64. Kc7 Rf8 65. b7 1-0

[Event "IRL-ch Weekender op"]
[Site "Dublin"]
[Date "2018.08.10"]
[Round "1.4"]
[White "Steil Antoni, Fiona"]
[Black "Fielding, Michael"]
[Result "1-0"]
[WhiteElo "2129"]
[BlackElo "1734"]
[PlyCount "53"]
[EventDate "2018.08.10"]
[EventType "swiss"]
[EventRounds "5"]
[EventCountry "IRL"]
[SourceTitle "EXT 2023"]
[Source "ChessBase"]
[SourceDate "2022.10.05"]
[SourceVersion "1"]
[SourceVersionDate "2022.10.05"]
[SourceQuality "1"]

1. e4 g6 2. d4 Bg7 3. Nc3 d6 4. Be3 a6 5. Qd2 b5 6. f3 Nd7 7. h4 h5 8. 0-0-0 Bb7 9. Kb1 c5 10. dxc5 Nxc5 11. Nxb5 axb5 12. Bxc5 Bc6 13. Bd4 Bxd4 14. Qxd4 Nf6 15. Ne2 Ra4 16. Qd2 Qa8 17. Nc3 Ra5 18. b4 Ra7 19. Nxb5 Rb7 20. c4 0-0 21. Bd3 Bxb5 22. cxb5 Qa4 23. Rc1 Nd7 24. f4 Qa7 25. g4 Nf6 26. gxh5 Nxh5 27. f5 1-0